| 000 | 01075nam a2200313 i 4500 | ||
|---|---|---|---|
| 001 | 000028439 | ||
| 003 | DO-SdBNP | ||
| 005 | 20241029144452.0 | ||
| 007 | ta | ||
| 008 | 110408s2010 dr ac 000 0bspa d | ||
| 020 | _a9789945462234 | ||
| 040 |
_aDO-SdBNP _bspa _cBNPHU _erda |
||
| 049 | _aBNPD | ||
| 082 | 4 |
_a923.57293 _bL965i 2010 _222 |
|
| 245 | 0 | 0 |
_aIdeario de Luperón (1839-1897) / _ccompilador, José Chez Checo. |
| 250 | _aCuarta edición | ||
| 264 | 4 |
_aSanto Domingo : _bEditora Búho, _c2010. |
|
| 300 |
_a354 páginas : _bilustraciones, retratos ; _c23 cm. |
||
| 336 |
_atexto _btxt _2rdacontent |
||
| 337 |
_asin mediación _bn _2rdamedia |
||
| 338 |
_avolumen _bnc _2rdacarrier |
||
| 500 | _aIncluye referencias bibliográficas y notas al pie de las páginas e índices. | ||
| 590 | _aInventariado, 2023/BT | ||
| 600 | 1 | 4 |
_aLuperón, Gregorio, _d1839-1897 _9888 |
| 651 | 4 |
_aRepública Dominicana _xHistoria _9170 |
|
| 700 | 1 |
_aChez Checo, José, _d1949- _ecompilador _4comp. _910145 |
|
| 910 | _aValidado. Control de calidad de MMOLINA | ||
| 942 |
_2ddc _cLBS1 |
||
| 999 |
_c27931 _d27931 |
||